000
00251nam a22001097a 4500
008
170113b xxu||||| |||| 00| 0 eng d
020
_a
9780815123903
041
_a
eng
080
_2
4TH
_a
618.2
245
_a
NURSING RESEARCH
_c
WOOD. G.L
942
_2
udc
_c
BK
999
_c
2859
_d
2859